[Event "Open A"]
[Site "Riga LAT"]
[Date "2004.08.19"]
[Round "7"]
[White "Sveshnikov,E"]
[Black "Malykin,V"]
[Result "1/2-1/2"]
[WhiteElo "2508"]
[BlackElo "2386"]

1.e4 g6 2.d4 Bg7 3.Nc3 d6 4.Be3 a6 5.f3 b5 6.Qd2 Nd7 7.Nh3 c5 8.Nf2 Bb7 9.dxc5 Nxc5
10.Rd1 Rc8 11.Be2 Nf6 12.a3 Ncd7 13.O-O O-O 14.a4 b4 15.Na2 a5 16.c3 b3 17.Nc1 Bc6
18.Bc4 Bxa4 19.Bxb3 Bxb3 20.Nxb3  1/2-1/2

[Event "Open A"]
[Site "Riga LAT"]
[Date "2004.08.19"]
[Round "7"]
[White "Sulskis,S"]
[Black "Luckans,A"]
[Result "1-0"]
[WhiteElo "2557"]
[BlackElo "2455"]

1.e4 g6 2.d4 Bg7 3.Nc3 d6 4.Be3 c6 5.f3 Qb6 6.Bc4 Qxb2 7.Nge2 Qb6 8.O-O Nf6
9.Qd2 Qc7 10.Bh6 O-O 11.Bxg7 Kxg7 12.f4 d5 13.e5 dxc4 14.exf6+ exf6 15.f5 Bxf5
16.Rxf5 gxf5 17.Ng3 Nd7 18.Nxf5+ Kh8 19.Ne4 Rg8 20.Ned6 Raf8 21.Re1 Qb6 22.h3 Rg6
23.Re7 Qb1+ 24.Kh2 Qf1 25.Nh4 Rg5 26.Rxd7 Kg8 27.Rxb7 c3 28.Qe3 Kg7 29.Rxa7 h6
30.Re7 c5 31.dxc5  1-0

[Event "Open"]
[Site "Vladimir RUS"]
[Date "2004.08.19"]
[Round "2"]
[White "Danin,A"]
[Black "Zakharevich,I"]
[Result "0-1"]
[WhiteElo "2429"]
[BlackElo "2532"]

1.e4 g6 2.d4 Bg7 3.Nc3 d6 4.Nge2 a6 5.g3 b5 6.Bg2 Bb7 7.O-O Nd7 8.a4 b4 9.Nd5 c5
10.e5 dxe5 11.dxc5 Nxc5 12.Be3 Nd7 13.a5 e6 14.Nb6 Bxg2 15.Kxg2 Ngf6 16.Ra4 Bf8
17.c3 Qb8 18.Nxa8 Qxa8+ 19.Kg1 Nd5 20.cxb4 Bxb4 21.Qb3 Be7 22.Re4 O-O 23.Qa4 Nxe3
24.fxe3  0-1

[Event "Knjaz Milos Jezero Open"]
[Site "Belgrade SCG"]
[Date "2004.08.20"]
[Round "4"]
[White "Klasan,V"]
[Black "Vasiljevic,D"]
[Result "1-0"]
[WhiteElo "2166"]
[BlackElo "2333"]

1.e4 d6 2.d4 g6 3.Nc3 Bg7 4.Nf3 Nf6 5.h3 O-O 6.Be3 c6 7.Qd2 b5 8.Bd3 Bb7
9.Bh6 b4 10.Bxg7 Kxg7 11.Ne2 c5 12.e5 dxe5 13.dxe5 Nfd7 14.Qe3 e6 15.h4 h6
16.Nf4 Qe7 17.Rh3 c4 18.Nh5+ Kh7 19.Ng5+ hxg5 20.Nf6+ Kg7 21.hxg5 Rg8 22.Rh7+ Kf8
23.Nxg8 Qc5 24.Qxc5+ Nxc5 25.Nf6 Nc6 26.Rh8+ Ke7 27.Rxa8 Bxa8 28.Bxc4 Nxe5
29.Bf1 Bc6 30.f4 Ned7 31.Nxd7 Bxd7 32.a3 b3 33.O-O-O bxc2 34.Re1 Ba4 35.b4 Nb7
36.Bd3 Nd6 37.Re5 Bc6 38.g3 Bd5 39.Kxc2 Kd7 40.Kc3 Kc7 41.Kd4 Bf3 42.Ra5 Kb7
43.Ke5  1-0

[Event "ch-FRA"]
[Site "Val d'Isere FRA"]
[Date "2004.08.21"]
[Round "6"]
[White "Fontaine,R"]
[Black "Le Roux,JP"]
[Result "1/2-1/2"]
[WhiteElo "2517"]
[BlackElo "2489"]

1.e4 g6 2.d4 d6 3.Nc3 Bg7 4.Be3 a6 5.Qd2 b5 6.a4 b4 7.Nce2 a5 8.Ng3 Nd7 9.h4 h5
10.Nh3 Ngf6 11.f3 c6 12.Rd1 Nb6 13.b3 Bxh3 14.Rxh3 Nfd7 15.Kf2 Qc7 16.Be2 c5
17.dxc5 dxc5 18.Bb5 O-O 19.Bh6 Bd4+ 20.Kf1 Rfd8 21.Nxh5 Nf8 22.Nf4 Bc3 23.Qe2 Rxd1+
24.Qxd1 Rd8 25.Bd3 c4 26.bxc4 e6 27.h5 Nxc4 28.Qe2 Nd2+ 29.Kg1 b3 30.cxb3 Bd4+
31.Kh2 Nxb3 32.hxg6 Nxg6 33.g3 Nc1 34.Qc2 Qxc2+ 35.Bxc2 Ne5 36.Nh5 Nxf3+
37.Kh1 Ne2 38.g4 Ne1 39.Bg5 Rc8 40.Nf6+ Kg7 41.Bd1 Rc3 42.Nh5+ Kg6 43.Rxc3 Nxc3
44.Bd2 Nxd1 45.Nf4+ Kf6 46.Bxe1 Bc3 47.Bh4+ Ke5 48.Nh3 Nb2 49.Ng5 Nxa4 50.Nxf7+ Kxe4
51.Nd6+ Kd5 52.Ne8 Nc5 53.g5 a4 54.g6 Nd7 55.Be7 Kc4 56.Kg2 Kd3 57.g7 Bxg7
58.Nxg7 e5 59.Nf5 e4 60.Kf2 Ne5 61.Ne3 Nc6 62.Bd6 Na5 63.Be7 Nc6 64.Bd6 Nd4
65.Nd5 Nf5 66.Bc5 Kc4 67.Nb6+ Kxc5 68.Nxa4+ Kd4 69.Ke2 e3 70.Nb2 Ke4 71.Nd1 Nd4+  1/2-1/2

[Event "Open"]
[Site "Vladimir RUS"]
[Date "2004.08.25"]
[Round "8"]
[White "Fazulyanov,S"]
[Black "Zaitsev,Va"]
[Result "1/2-1/2"]
[WhiteElo "2208"]
[BlackElo "2378"]

1.e4 g6 2.d4 Bg7 3.Nc3 d6 4.g3 Nf6 5.Bg2 O-O 6.Nge2 Na6 7.O-O c5 8.h3 cxd4
9.Nxd4 Nc5 10.Be3 a6 11.f4 Bd7 12.Nb3 Nxb3 13.cxb3 Bc6 14.Qd2 Qe8 15.Rac1 Rd8
16.Rfd1 e6 17.Qf2 Rd7 18.Bb6 Qb8 19.Rd2 e5 20.f5 Bh6 21.Be3 Bxe3 22.Qxe3 Kg7
23.g4 h6 24.Bf3 Nh7 25.Rcd1 Qd8 26.a4 a5 27.Kg2 Ng5 28.Kg3 gxf5 29.gxf5 Nxf3
30.Qxf3 Kh7 31.Kh2 Rg8 32.Rg2  1/2-1/2

[Event "Paks Cup GM"]
[Site "Paks HUN"]
[Date "2004.08.26"]
[Round "6"]
[White "Zelic,Ml"]
[Black "Toth,An1"]
[Result "1/2-1/2"]
[WhiteElo "2300"]
[BlackElo "2429"]

1.e4 g6 2.d4 Bg7 3.Nc3 d6 4.f4 Nf6 5.Nf3 O-O 6.Bd3 Na6 7.Be3 Bg4 8.O-O Nd7
9.Qe1 c5 10.dxc5 Ndxc5 11.Qh4 Bxf3 12.Rxf3 e6 13.Qf2 Nb4 14.Rd1 Ncxd3 15.cxd3 Nc6
16.d4 Ne7 17.d5 exd5 18.Nxd5 Nxd5 19.Rxd5 Qe7 20.Bxa7 Qxe4 21.Rdd3 Rfc8 22.h3 Rc1+
23.Kh2 d5 24.a3 Rac8 25.Rfe3 Qa4 26.Re2 R1c2 27.Rdd2 R2c4 28.Rxd5 Rxf4 29.Qe3 Rf1
30.Bd4 Qc6 31.Qe4 Qc7+ 32.Be5 Bxe5+ 33.Qxe5 Qc1 34.Red2 Rh1+ 35.Kg3 Qe1+
36.Qxe1 Rxe1 37.Rb5 Re3+ 38.Kf2 Re7  1/2-1/2

[Event "State-ch"]
[Site "New York USA"]
[Date "2004.09.05"]
[Round "4"]
[White "Karklins,A"]
[Black "Weeramantry,S"]
[Result "1-0"]
[WhiteElo "2298"]
[BlackElo "2136"]

1.e4 d6 2.d4 g6 3.Nc3 Bg7 4.Bf4 c6 5.Qd2 b5 6.e5 dxe5 7.dxe5 Qxd2+ 8.Kxd2 Na6
9.g3 Bb7 10.Re1 Nc5 11.Kc1 b4 12.Nd1 Ne6 13.Bd2 c5 14.f3 O-O-O 15.Bd3 Rd5
16.Bc4 Rxe5 17.Rxe5 Bxe5 18.Bxe6+ fxe6 19.Nh3 Kd7 20.Ng5 Ke8 21.Re1 Bd6 22.Nf2 Nf6
23.Nd3 a5 24.Nxe6 Bxf3 25.Ndxc5 h6 26.Nb3 Kf7 27.Nxa5 Ra8 28.Nc4 Rxa2 29.Nxd6+ exd6
30.Kb1 b3 31.Nd4 Bd5 32.Nxb3 Bxb3 33.cxb3 Ra8 34.Bxh6 d5 35.Bg5 Ne4 36.Be3 Ke6
37.Bd4 Rb8 38.Kc2 Rc8+ 39.Kd3 Rb8 40.Kc2 Rc8+ 41.Kd1 Rb8 42.Re3 Rf8 43.Ke1 Kd6
44.b4 Rc8 45.Bc3 Ra8 46.Ke2 Ra1 47.h4 Rg1 48.Rf3 Rxg3 49.Rxg3 Nxg3+ 50.Kf3 Nf5
51.Kg4 d4 52.Bd2 Ke6 53.b5 Nd6 54.b6 Kd7 55.Bf4 d3 56.Kf3 Nb7 57.Ke3 Kc6
58.Bc7 Kd5 59.Kxd3 Nc5+ 60.Ke3 Nb7 61.Kf4 Ke6 62.Kg5 Kf7 63.b4 Kg7 64.Kf4 Kf7
65.Ke4 Ke6 66.Kd4 Kd7 67.Kd5  1-0

[Event "Open"]
[Site "Pune IND"]
[Date "2004.09.05"]
[Round "3"]
[White "Prathamesh,S"]
[Black "Dzhumaev,M"]
[Result "0-1"]
[WhiteElo "2368"]
[BlackElo "2520"]

1.e4 g6 2.d4 Bg7 3.Nc3 d6 4.Bg5 Nf6 5.f4 O-O 6.Nf3 Na6 7.Qd2 c5 8.d5 Rb8
9.a4 Nc7 10.Bc4 a6 11.e5 b5 12.axb5 axb5 13.Be2 dxe5 14.Nxe5 b4 15.Na4 Qxd5
16.Bf3 Qxd2+ 17.Kxd2 Ne6 18.Kc1 Nd4 19.Nxc5 Bf5 20.Nc6 Nxc6 21.Bxc6 Rfc8
22.Ra6 Rc7 23.Nb3 Bc8 24.Ra8 Rxa8 25.Bxa8 Bf5 26.Nd4 Ra7 27.Nxf5 gxf5  0-1

[Event "zt2.3.c2"]
[Site "San Jose CRC"]
[Date "2004.09.05"]
[Round "1"]
[White "Ramirez,Al"]
[Black "Solis,E"]
[Result "1-0"]
[WhiteElo "2516"]
[BlackElo "2128"]

1.e4 g6 2.d4 Bg7 3.Nc3 d6 4.f4 c6 5.Nf3 Nh6 6.Bc4 O-O 7.O-O e6 8.Bb3 d5 9.Kh1 Nd7
10.Be3 a5 11.a4 f5 12.e5 Re8 13.Ng5 Nf8 14.Ne2 b6 15.c4 Ra7 16.Rc1 Nf7 17.Rf3 h6
18.Nxf7 Rxf7 19.cxd5 cxd5 20.Nc3 Ba6 21.Bc2 g5 22.Bd3 Bxd3 23.Qxd3 g4 24.Rff1 Ng6
25.Nb5 Bf8 26.Rc6 Rg7 27.Rfc1 Qh4 28.Nc7 g3 29.h3 Rxc7 30.Rxc7 Nxf4 31.Bxf4 Qxf4
32.R7c3 Bg7 33.Qxg3 Qxd4 34.Qg6 Rf8 35.Qxe6+ Kh8 36.Rc8 Qf4 37.Qxd5 Kh7 38.R8c7 Qg3
39.e6 Qe3 40.e7 Rf6 41.Qd7 Re6 42.e8=Q  1-0

[Event "Open"]
[Site "Pune IND"]
[Date "2004.09.07"]
[Round "5"]
[White "Barua,D"]
[Black "Dzhumaev,M"]
[Result "1/2-1/2"]
[WhiteElo "2532"]
[BlackElo "2520"]

1.e4 g6 2.d4 Bg7 3.Nc3 d6 4.Be3 Nd7 5.Nf3 Ngf6 6.h3 O-O 7.Bc4 Ne8 8.O-O c6
9.a4 d5 10.Bb3 dxe4 11.Nxe4 Nd6 12.Ng3 b6 13.Re1 Bb7 14.Bg5 Nf6 15.Qe2 Re8
16.a5 Rc8 17.axb6 axb6 18.Ne5 c5 19.Ra7 Rc7 20.dxc5 bxc5 21.Bd2 Qb8 22.Ra3 Bd5
23.Bxd5 Nxd5 24.Rd3 Nf6 25.b3 Qc8 26.Bf4 Ra7 27.Qf3 Nb5 28.Be3 Ra6 29.Red1 Re6
30.Nc4 h5 31.Ne2 Ra6 32.Bf4 Ra2 33.R3d2 Qf5 34.Qc6 Nd4 35.Nxd4 cxd4 36.Be5 Rc8
37.Qf3 Ne4 38.Rxd4 Qxf3 39.gxf3 Ng5 40.Rd8+ Rxd8 41.Rxd8+ Kh7 42.Bxg7 Kxg7
43.Kg2 Rxc2 44.Rd7 Ne6 45.h4 Nf4+ 46.Kg3 Ne2+ 47.Kg2 Nf4+ 48.Kg3 Ne2+ 49.Kh2 Rc3
50.Rxe7 Nd4 51.Re3 Rxb3 52.Rxb3 Nxb3 53.Ne3 Nd4 54.f4 Kf6 55.Kg3 Ke6 56.Kg2 Nf5
57.Kh3 Kd6 58.Nc4+ Kd5 59.Ne5 Nd6 60.Kg2 Ke4 61.Kg3 Kd5 62.Kh3 Ke6 63.Kg2 Nf5
64.Kh3 Ne7 65.Kg3 f6 66.Nc4 Nf5+ 67.Kh3 Kd5 68.Nb6+ Kd6 69.Nc4+ Kc5 70.Ne3 Kd4
71.Nxf5+ gxf5 72.Kg2 Kc4 73.Kh2 Kc3 74.Kg2 Kd2 75.Kh2 Ke2 76.Kg2 Ke1 77.Kg1 Kd2
78.Kh2 Kd3 79.Kh3 Kc2 80.Kg2 Kd2 81.Kh2 Kd1 82.Kh1 Kc2 83.Kg2 Kc3 84.Kg3 Kc4
85.Kh2 Kd5 86.Kg2 Kd4 87.Kh2 Kc3 88.Kg3 Kd2 89.Kh2 Kd3 90.Kh3 Kc2 91.Kg2 Kc3
92.Kg3 Kc4 93.Kg2 Kc3 94.Kg3 Kc2 95.Kg2 Kc1 96.Kg1 Kb2 97.Kg2 Kc2 98.Kg1 Kd3
99.Kg2 Ke2 100.Kg3 Kd1 101.Kg2 Ke2 102.Kg3 Ke1 103.Kg2 Kd2 104.Kh2 Kd3  1/2-1/2

[Event "TCh-CRO"]
[Site "Rabac CRO"]
[Date "2004.09.07"]
[Round "3"]
[White "Rogulj,B"]
[Black "Nikolac,J"]
[Result "1/2-1/2"]
[WhiteElo "2387"]
[BlackElo "2414"]

1.e4 g6 2.d4 Bg7 3.Nc3 d6 4.f4 Nc6 5.Be3 a6 6.Qd2 e6 7.Nf3 Nge7 8.O-O-O d5
9.e5 Bd7 10.Bd3 Na7 11.g4 Bf8 12.Rhf1 h6 13.Nh4 Bb5 14.Nxb5 axb5 15.f5 g5
16.Ng2 Qd7 17.fxe6 fxe6 18.Qf2 O-O-O 19.Qf6 Rg8 20.Qf7 Kb8 21.Rf6 Bg7 22.Rxe6 Nac8
23.Bf5 Rdf8 24.Rxe7 Qxe7 25.Qxd5 c6 26.Qb3 Rd8 27.Ne1 Nb6 28.Nd3 Nd5 29.Bf2 b6
30.Kb1 Bf8 31.c4 bxc4 32.Qxc4 Kb7 33.Rc1 Qe8 34.Qb3 Rg7 35.Bg3 Rc7 36.Nc5+ Bxc5
37.dxc5 b5 38.a4 b4 39.e6 Re7 40.Re1 Ka7 41.Bd6 Rb7 42.Qc4 b3 43.Bd3 Nb4
44.Qxb3 Qh8 45.Bf5 Nd5 46.Qc2 Qd4 47.Be5 Qb4 48.Re4 Qa5 49.b3 Qa6 50.Bd6 Qf1+
51.Kb2 Nb4 52.Rxb4 Rxb4 53.e7 Re8 54.Qd2 Qc4 55.Qc3 Qxc3+ 56.Kxc3 Rb7 57.Be4 Rbxe7
58.Bxc6 Re3+ 59.Kd4 R8e6 60.Bd5 Re8 61.c6 Kb6 62.b4 Re1 63.Bc5+ Kc7 64.a5 Rd1+
65.Kc4 Rc1+ 66.Kb5 Re5 67.Bc4 Re8 68.Bb6+ Kd6 69.Bc5+ Kc7 70.Bd5 Re5 71.Bc4 Re8
72.Bb6+ Kd6 73.Bc5+ Kc7  1/2-1/2

[Event "Open"]
[Site "Pune IND"]
[Date "2004.09.10"]
[Round "8"]
[White "Barsov,A"]
[Black "Dzhumaev,M"]
[Result "1/2-1/2"]
[WhiteElo "2497"]
[BlackElo "2520"]

1.e4 g6 2.d4 Bg7 3.Nc3 d6 4.Nf3 Nf6 5.Be2 O-O 6.O-O Bg4 7.h3 Bxf3 8.Bxf3 Nc6
9.Be3 e5 10.dxe5 dxe5 11.Qxd8 Raxd8 12.Rfd1 a6 13.Rxd8 Rxd8 14.Rd1 Nd4 15.Kf1  1/2-1/2

[Event "3rd Autumn"]
[Site "Alushta UKR"]
[Date "2004.09.11"]
[Round "3"]
[White "Geller,J"]
[Black "Annageldyev,O"]
[Result "1-0"]
[WhiteElo "2484"]
[BlackElo "2458"]

1.e4 g6 2.d4 Bg7 3.Nc3 d6 4.Be3 c6 5.Qd2 Nd7 6.Nf3 b5 7.Bd3 Nb6 8.h3 e5 9.dxe5 dxe5
10.a4 b4 11.Ne2 a5 12.O-O Be6 13.Rfd1 f6 14.c4 Qc7 15.c5 Nc4 16.Bxc4 Bxc4
17.Nc1 Ne7 18.Qc2 Bf7 19.Nd2 O-O 20.Nc4 f5 21.f3 f4 22.Bf2 g5 23.Nb3 h5 24.Nb6 Rad8
25.Nxa5 Be6 26.Rxd8 Rxd8 27.Rd1 Bf6 28.Nac4 g4 29.Rd6 Kf7 30.Rxe6 Kxe6 31.Nd6  1-0

[Event "8th WUCC Women"]
[Site "Instanbul TUR"]
[Date "2004.09.11"]
[Round "9"]
[White "Seps,M"]
[Black "Gvetadze,S"]
[Result "1-0"]
[WhiteElo "2095"]
[BlackElo "2321"]

1.e4 d6 2.d4 g6 3.Nc3 Bg7 4.Be3 a6 5.Qd2 b5 6.f3 Bb7 7.h4 h5 8.Nh3 Nd7 9.Ng5 e6
10.O-O-O Ne7 11.Kb1 Nb6 12.Qf2 d5 13.g4 Qd7 14.Bh3 b4 15.Ne2 f6 16.Nxe6 Qxe6
17.gxh5 Qf7 18.hxg6 Nxg6 19.h5 Ne7 20.h6 Bf8 21.Bg4 Qh7 22.Nf4 Bc8 23.Bh5+ Kd7
24.Rdg1 Kc6 25.Qh4 Kb7 26.Qxf6 Bd7 27.Nd3 Ng8 28.Qh4 Bxh6 29.Bxh6 Qxh6 30.Qe1 Nf6
31.Nc5+ Ka7 32.Bg4 Qf8 33.Rxh8 Qxh8 34.Bxd7 Nfxd7 35.Qxb4 Qh2 36.Rc1 Qe2
37.Qc3 Qc4 38.Qxc4 dxc4 39.Nxd7 Nxd7 40.Re1 Kb7 41.b3 Nb6 42.Kb2 Rf8 43.Re3 Kc6
44.Kc3 cxb3 45.axb3 Kd6 46.Kd3 Nd7 47.e5+ Ke6 48.Ke4 Nb6 49.f4 Nd5 50.Rf3 c6
51.c4 Ne7 52.f5+ Kf7 53.Rh3 Rg8 54.Rh7+ Kf8 55.f6 Rg4+ 56.Kf3 Rxd4 57.Rxe7 Rd3+
58.Ke4 Rxb3 59.Ra7 Rb4 60.e6  1-0

[Event "LGA Premium Cup"]
[Site "Nuernberg GER"]
[Date "2004.09.11"]
[Round "2"]
[White "Hirn,O"]
[Black "Naegelein,An"]
[Result "1/2-1/2"]
[WhiteElo "2202"]
[BlackElo "1966"]

1.d4 g6 2.e4 Bg7 3.Nc3 d6 4.Be3 Nc6 5.Nge2 e5 6.h3 f5 7.exf5 Bxf5 8.d5 Nce7
9.g4 Bd7 10.Ng3 Nf6 11.Bg2 h5 12.g5 Nfg8 13.Qd3 Nf5 14.Nxf5 gxf5 15.f4 e4
16.Qd2 Ne7 17.Bd4 Bxd4 18.Qxd4 O-O 19.O-O-O Ng6 20.Rhf1 Rf7 21.Rf2 a6 22.Bf1 Be8
23.Be2 Rh7 24.Rg1 Nf8 25.Nd1 Bg6 26.Ne3 Qe8 27.h4 Qf7 28.Bf1 Nd7 29.Bh3 Rg7
30.Kb1 b6 31.Qc3 Rc8 32.Bf1 Nc5 33.Bh3 Qd7 34.Qd4 Rf8 35.Kc1 a5 36.Kd1 Qb5
37.Bf1 Qd7 38.Ke1 b5 39.Rd2 b4 40.Kf2 Be8 41.Kg3 Qc8 42.Be2 Qb7 43.Kh2 Qb6
44.Rg3 Na4 45.Qxb6 Nxb6 46.Nc4 Bb5 47.Rd4 Na4 48.Rb3 Rh7 49.a3 Nc5 50.Re3 Bxc4
51.Rxc4 Rb8 52.axb4 axb4 53.Rg3 Kg7 54.c3 bxc3 55.b4 Na4 56.Rgxc3 Rxb4 57.Rc6 Rb2
58.Ra6 Rxe2+ 59.Kg3 Kg6  1/2-1/2

[Event "TCh-CRO"]
[Site "Rabac CRO"]
[Date "2004.09.11"]
[Round "7"]
[White "Rade,M"]
[Black "Sermek,D"]
[Result "1-0"]
[WhiteElo "2411"]
[BlackElo "2547"]

1.e4 g6 2.d4 Bg7 3.Nc3 d6 4.Nf3 a6 5.Be2 Nd7 6.O-O e6 7.Re1 Ne7 8.Bf1 O-O
9.e5 d5 10.Ne2 c5 11.c3 cxd4 12.Nexd4 Nc6 13.Bf4 Qc7 14.Qe2 Nc5 15.Qe3 b6
16.Nxc6 Qxc6 17.Bh6 Qc7 18.Bxg7 Kxg7 19.Rad1 a5 20.Bd3 Qe7 21.Bc2 Bd7 22.Rd4 Rh8
23.h4 h5 24.Rf4 Be8 25.Ng5 Rb8 26.Qd4 Nd7 27.Re3 Qc5 28.Ref3 Qxd4 29.cxd4 Rf8
30.Rc3 Rb7 31.Rc8 Nb8 32.Nxe6+  1-0

[Event "TCh-SCG Women"]
[Site "Budva SCG"]
[Date "2004.09.12"]
[Round "5"]
[White "Jovanovic,Mirj"]
[Black "Foisor,C"]
[Result "0-1"]
[WhiteElo "2057"]
[BlackElo "2438"]

1.e4 g6 2.d4 Bg7 3.Nc3 d6 4.Bg5 a6 5.Qd2 b5 6.a3 Bb7 7.f4 Nd7 8.Nf3 c5 9.d5 Qa5
10.Nd1 Qxd2+ 11.Nxd2 e6 12.dxe6 fxe6 13.c4 b4 14.Bd3 Ne7 15.Bxe7 Kxe7 16.Rf1 a5
17.Ke2 Rhf8 18.g3 Nb8 19.axb4 cxb4 20.c5 dxc5 21.Nb3 Rc8 22.Bc4 a4 23.Nd2 Bd4
24.Rb1 Nd7 25.f5 exf5 26.exf5 Rf8 27.Nf3 Kd6 28.Kd2 Bxf3 29.Rxf3 Ne5 30.Be2 Nxf3+
31.Bxf3 Ra7 32.fxg6 hxg6 33.Be2 g5 34.h4 a3 35.Bc4 gxh4 36.gxh4 Rf4 37.h5 Rh4
38.Bb3 Rxh5 39.Kd3 Kc6 40.Bc4 Rh3+ 41.Kc2 Rh2+  0-1

[Event "Open"]
[Site "Pune IND"]
[Date "2004.09.12"]
[Round "10"]
[White "Iuldachev,S"]
[Black "Dzhumaev,M"]
[Result "0-1"]
[WhiteElo "2550"]
[BlackElo "2520"]

1.e4 g6 2.d4 Bg7 3.Nc3 d6 4.f4 Nf6 5.Nf3 O-O 6.e5 Nfd7 7.e6 fxe6 8.Ng5 Nb6
9.Bd3 Nc6 10.Nxh7 Kxh7 11.Qh5+ Kg8 12.Bxg6 Rf6 13.f5 exf5 14.Qh7+ Kf8 15.Bh6 Rxg6
16.Qxg6 Bxh6 17.Qxh6+ Ke8 18.Qg6+ Kd7 19.Qxf5+ e6 20.Qh7+ Qe7 21.Qxe7+ Kxe7
22.O-O-O Bd7 23.h4 Rh8 24.g4 e5 25.dxe5 Nxe5 26.g5 Bc6 27.Rh3 Nf3 28.Rdh1 Nd7
29.g6 Nfe5 30.Rg1 Nf6 31.h5 Rh6 32.Ne2 Bd7 33.Rhh1 Kf8 34.Nf4 Kg7 35.b3 Rh8
36.c4 Kh6 37.Nd5 Ne8 38.Rf1 Bc6 39.Rhg1 Bxd5 40.cxd5 Kg7 41.Rf5 Nf6 42.Rxf6 Kxf6
43.g7 Rg8 44.h6 Nf7 45.h7 Rxg7 46.Rf1+ Kg6 47.Rxf7 Rxh7 48.Rf2 Rh5 49.Rc2 Rxd5
50.Rxc7 Rc5+ 51.Rxc5 dxc5 52.a4 Kf5 53.Kd2 Ke4 54.Kc3 Kd5 55.b4 c4  0-1

[Event "TCh-SCG Women"]
[Site "Budva SCG"]
[Date "2004.09.16"]
[Round "8"]
[White "Peptan,C"]
[Black "Petrovic,Ma"]
[Result "1-0"]
[WhiteElo "2429"]
[BlackElo "2227"]

1.e4 g6 2.d4 Bg7 3.Nc3 d6 4.Be3 a6 5.f4 Nf6 6.h3 c5 7.dxc5 Qa5 8.Qd2 Nc6
9.cxd6 exd6 10.Bd3 O-O 11.Nge2 Re8 12.O-O Nb4 13.a3 Nxd3 14.cxd3 Bd7 15.Nd4 Rac8
16.Rac1 b5 17.Nb3 Qd8 18.Ne2 Rxc1 19.Rxc1 Qa8 20.Bd4 Be6 21.Na5 Nd7 22.Bxg7 Kxg7
23.Qc3+ Kg8 24.Nd4 Nc5 25.b4 Na4 26.Qc6 Qxc6 27.Rxc6 Nb2 28.Rxd6 Ba2 29.Ndb3 Ra8
30.Nc5 Bb1 31.Kf2 Kf8 32.Ke3 Ke7 33.e5 h5 34.Kd2 Ba2 35.Nxa6 Na4 36.Nc7 Rc8
37.Nc6+ Kf8 38.Nxb5 Nb6 39.Nc3  1-0

[Event "Tch-FIN 2004-5"]
[Site "Finland FIN"]
[Date "2004.09.18"]
[Round "1"]
[White "Tuominen,R"]
[Black "Hartikainen,M"]
[Result "1-0"]
[WhiteElo "2258"]
[BlackElo "2272"]

1.d4 g6 2.e4 Bg7 3.Nc3 d6 4.Be3 a6 5.a4 Nf6 6.f3 O-O 7.Qd2 e5 8.d5 Ne8 9.g4 f5
10.gxf5 gxf5 11.exf5 Bxf5 12.O-O-O Nd7 13.Bh3 b5 14.Bxf5 Rxf5 15.Qd3 e4 16.Qxe4 Re5
17.Qd3 Nef6 18.Bd4 b4 19.Na2 Rxd5 20.Nxb4 Rh5 21.Nc6 Qe8 22.Ne2 Nc5 23.Qc4+ Kh8
24.Ng3 Rg5 25.b4 Qxc6 26.bxc5 Rb8 27.f4 Rd5 28.Rhe1 dxc5 29.Bc3 Rxd1+ 30.Rxd1 Qb6
31.Qa2 Ne8 32.Qa1 Qh6 33.Bxg7+ Nxg7 34.Qe5 Re8 35.Qxc7 Qxh2 36.Rd3 Qf2 37.Kb2 h6
38.Qd6 Re6 39.Qd8+ Kh7 40.f5 Re8 41.Qc7 Kh8 42.Qd6 c4 43.Qxh6+ Kg8 44.f6 Rb8+
45.Ka3 Qc5+ 46.Ka2 Qc7 47.Rc3 Ne6 48.Nf5 Kf7 49.Rg3  1-0

[Event "Tch-FIN 2004-5"]
[Site "Finland FIN"]
[Date "2004.09.18"]
[Round "1"]
[White "Sepp,O"]
[Black "Maki,V"]
[Result "0-1"]
[WhiteElo "2458"]
[BlackElo "2388"]

1.e4 g6 2.d4 Bg7 3.Nc3 d6 4.f4 Nf6 5.Nf3 c5 6.dxc5 Qa5 7.Bd3 Qxc5 8.Qe2 O-O
9.Be3 Qa5 10.O-O Bg4 11.h3 Bxf3 12.Qxf3 Nc6 13.Kh2 Nd7 14.Bd2 Nc5 15.a3 Nxd3
16.Qxd3 Qa6 17.Qg3 Qc4 18.Rfe1 Rac8 19.Rac1 b5 20.b3 Qd4 21.Red1 a6 22.Be1 Qc5
23.a4 Nb4 24.e5 dxe5 25.Ne4 Qc6 26.Qf3 Nxc2 27.Bc3 f5 28.Rxc2 fxe4 29.Qg4 b4
30.Rdc1 bxc3 31.Rxc3 Qxc3 32.Rxc3 Rxc3 33.Qe6+ Kh8 34.b4 e3 35.Qxa6 exf4
36.a5 Be5 37.Qe6 Bd6 38.h4 e2  0-1

[Event "TCh-BEL 2004-5"]
[Site "Belgium BEL"]
[Date "2004.09.19"]
[Round "1"]
[White "Baramidze,D"]
[Black "Hausrath,D"]
[Result "1/2-1/2"]
[WhiteElo "2550"]
[BlackElo "2480"]

1.d4 g6 2.e4 Bg7 3.Nc3 d6 4.Be3 a6 5.Qd2 b5 6.f3 Nd7 7.Nge2 Bb7 8.g4 c5 9.Ng3 cxd4
10.Bxd4 Bxd4 11.Qxd4 Ne5 12.O-O-O Nf6 13.g5 Nc6 14.Qd2 Nd7 15.Nd5 e6 16.Nc3 Qa5
17.Kb1 O-O-O 18.h4 b4 19.Nce2 Nde5 20.f4 Nc4 21.Qd3 d5 22.Nd4 b3 23.Nxb3 dxe4
24.Nxa5 exd3 25.Nxc4 dxc2+ 26.Kxc2 Nb4+ 27.Kc1 Nxa2+ 28.Kc2 Nb4+ 29.Kc1 Na2+  1/2-1/2

[Event "TCh-Vojvodina"]
[Site "Sombor SCG"]
[Date "2004.09.25"]
[Round "1"]
[White "Bokan,D"]
[Black "Lalic,D"]
[Result "1/2-1/2"]
[WhiteElo "2333"]
[BlackElo "2372"]

1.e4 g6 2.d4 Bg7 3.Nc3 d6 4.Be3 c6 5.Qd2 b5 6.O-O-O Nd7 7.Kb1 Qa5 8.Nce2 Qxd2
9.Rxd2 Ngf6 10.f3 O-O 11.Nc1 Nb6 12.g4 Nc4 13.Bxc4 bxc4 14.Nge2 Rb8 15.c3 Nd7
16.Ng3 Ba6 17.Nce2 Rfc8 18.f4 c5 19.d5 Rc7 20.h4 Nb6 21.h5 Na4 22.Rc2  1/2-1/2

[Event "Tatry Open"]
[Site "Tatranske Zruby SVK"]
[Date "2004.09.25"]
[Round "1"]
[White "Vojta,T"]
[Black "Liska,F"]
[Result "1-0"]
[WhiteElo "2283"]
[BlackElo "2028"]

1.e4 d6 2.d4 g6 3.Nc3 Bg7 4.Be3 Nf6 5.Qd2 Nc6 6.f3 O-O 7.O-O-O a6 8.g4 e5
9.d5 Nb8 10.Nge2 Ne8 11.Ng3 f5 12.gxf5 gxf5 13.exf5 Bxf5 14.Nxf5 Rxf5 15.Ne4 Nd7
16.Bh3 Rxf3 17.Be6+ Kh8 18.Ng5 Rf6 19.Rhf1 Qe7 20.Nf7+ Kg8 21.Rxf6 Ndxf6
22.Nxd6+ Kf8 23.Nf5 Qd8 24.Rg1 Ne4 25.Qg2  1-0

[Event "TCh-BEL 2004-5"]
[Site "Belgium BEL"]
[Date "2004.09.26"]
[Round "2"]
[White "Welling,G"]
[Black "Dardha,A"]
[Result "1-0"]
[WhiteElo "2369"]
[BlackElo "2267"]

1.d4 g6 2.e4 Bg7 3.Nc3 d6 4.Be3 e5 5.dxe5 dxe5 6.Qxd8+ Kxd8 7.Bc4 f6 8.h4 c6
9.h5 g5 10.O-O-O+ Ke8 11.Nge2 b5 12.Nxb5 cxb5 13.Bd5 Ne7 14.Bxa8  1-0

[Event "TCh-Vojvodina"]
[Site "Sombor SCG"]
[Date "2004.09.26"]
[Round "3"]
[White "Perisic,Ra"]
[Black "Vujadinovic,G"]
[Result "1/2-1/2"]
[WhiteElo "2402"]
[BlackElo "2381"]

1.e4 d6 2.d4 g6 3.Nc3 Bg7 4.g3 Nf6 5.Bg2 O-O 6.Nge2 c6 7.O-O e5 8.h3 Nbd7
9.Be3 b5 10.a3 Bb7 11.Qd2 a6 12.dxe5 dxe5 13.Rfd1 Qe7 14.Qd6 Qxd6 15.Rxd6 Rfd8
16.Rad1 Bf8 17.R6d3 Be7 18.f3 Kf8 19.h4 Ke8 20.Bh3 Nc5 21.Rxd8+ Rxd8 22.Rxd8+ Kxd8
23.Nc1 Bc8  1/2-1/2

[Event "VIII Itau Cup"]
[Site "Sao Paulo BRA"]
[Date "2004.09.27"]
[Round "4"]
[White "D'Israel,D"]
[Black "Van Riemsdijk,H"]
[Result "1/2-1/2"]
[WhiteElo "2291"]
[BlackElo "2416"]

1.d4 g6 2.e4 Bg7 3.Nc3 d6 4.Nf3 Nf6 5.Be2 O-O 6.O-O Bg4 7.Be3 Nc6 8.h3 Bxf3
9.Bxf3 e5 10.d5 Ne7 11.Ne2 Nd7 12.c4 f5 13.Nc3 f4 14.Bd2 a5 15.a3 Kh8 16.b4 b6
17.Nb5 Ng8 18.Qe1 a4 19.g4 fxg3  1/2-1/2

[Event "Tatry Open"]
[Site "Tatranske Zruby SVK"]
[Date "2004.09.27"]
[Round "3"]
[White "Vojta,T"]
[Black "Hanuliak,S"]
[Result "1-0"]
[WhiteElo "2283"]
[BlackElo "2083"]

1.e4 g6 2.d4 Bg7 3.Nc3 d6 4.Be3 Nf6 5.Qd2 O-O 6.O-O-O c6 7.f3 Qa5 8.Kb1 Nbd7
9.h4 b5 10.h5 b4 11.Nce2 Nxh5 12.Bh6 Ndf6 13.Bxg7 Kxg7 14.g4 Be6 15.b3 Nxg4
16.fxg4 Bxg4 17.Bh3 Nf6 18.Bxg4 Nxg4 19.Ng3 Rh8 20.Rf1 Rab8 21.Qf4 f5 22.Qg5 Nf6
23.e5 dxe5 24.Nxf5+ Kf7 25.Ne3 Rb5 26.Nc4 Qa6 27.dxe5 Rd5 28.Ne2 h6 29.Rxf6+ exf6
30.Qxf6+ Kg8 31.Qxg6+  1-0

[Event "Premier League"]
[Site "Belgrade SCG"]
[Date "2004.09.28"]
[Round "4"]
[White "Nedeljkovic,S"]
[Black "Nikolic,Sa1"]
[Result "0-1"]
[WhiteElo "2214"]
[BlackElo "2273"]

1.e4 g6 2.d4 Bg7 3.Nc3 d6 4.Be3 Nc6 5.Qd2 e5 6.d5 Nce7 7.O-O-O f5 8.Bg5 h6
9.Bb5+ Kf7 10.Bxe7 Qxe7 11.Nh3 Nf6 12.f3 fxe4 13.fxe4 Rf8 14.Rhf1 Kg8 15.Be2 a6
16.Rf2 Bd7 17.Rdf1 Ng4 18.Rxf8+ Rxf8 19.Rxf8+ Qxf8 20.Bxg4 Bxg4 21.Qf2 Bf6
22.Kb1 Bh4 23.g3 Bxg3 24.hxg3 Bxh3 25.Qxf8+ Kxf8 26.Kc1 Ke7 27.Kd2 Kf6 28.Ke3 h5
29.Nd1 Bg2 30.c4 Kg5 31.Nc3 Kg4 32.Kf2 Bf3 33.b4 g5 34.c5 h4 35.c6 b6 36.b5 a5
37.gxh4 gxh4 38.a4 h3 39.Kg1 Kg3  0-1

[Event "79th ch-ARG"]
[Site "Buenos Aires ARG"]
[Date "2004.09.28"]
[Round "6"]
[White "Menon,D"]
[Black "Alvarez Castillo,H"]
[Result "1-0"]
[WhiteElo "2062"]
[BlackElo "2245"]

1.d4 g6 2.e4 d6 3.Nc3 Bg7 4.Nf3 Nf6 5.Be2 O-O 6.O-O Nc6 7.h3 a6 8.Bg5 h6
9.Be3 e5 10.Qd2 Kh7 11.Rad1 exd4 12.Nxd4 Qe8 13.Nxc6 bxc6 14.Bd3 Rb8 15.b3 Ng8
16.Rde1 Qe5 17.Ne2 Qb2 18.a4 f5 19.exf5 Bxf5 20.Rb1 Qe5 21.Bxa6 Rbe8 22.Bd4 Qd5
23.Rbd1 Nf6 24.Ng3 c5 25.Ba1 Qe6 26.Rde1 Qd7 27.Rxe8 Rxe8 28.Bb5 c6 29.Nxf5 gxf5
30.Bxf6 Bxf6 31.Bd3 Kg7 32.Qf4 Re5 33.Qg3+ Kf8 34.f4 Re7 35.Qf3 Bg7 36.Qh5 Rf7
37.Re1 d5 38.Kh1 Qd6 39.Qe2 Bc3 40.Qe8+ Kg7 41.Rg1 Rf8 42.Qe3 Bd4 43.Qg3+ Kh7
44.Qh4 Qg6 45.g4 Qe8 46.Re1 Be3 47.Qg3 d4 48.Bxf5+ Rxf5 49.gxf5 Qe4+ 50.Qg2 Qxf5
51.Rf1 Kh8 52.a5 c4 53.bxc4 Qxa5 54.Rb1 Bxf4 55.Qxc6 Bc7 56.Qe8+ Kh7 57.Qf7+ Kh8
58.Qf8+ Kh7 59.Rg1 Bg3 60.Qe7+ Kh8 61.Rxg3  1-0

[Event "Monarch Assurance"]
[Site "Port Erin IOM"]
[Date "2004.09.28"]
[Round "4"]
[White "Howell,D"]
[Black "Conquest,S"]
[Result "1/2-1/2"]
[WhiteElo "2334"]
[BlackElo "2488"]

1.e4 g6 2.d4 Bg7 3.Nc3 d6 4.f4 Nf6 5.a3 O-O 6.Nf3 b6 7.e5 dxe5 8.dxe5 Qxd1+
9.Nxd1 Ne4 10.Bc4 e6 11.Nf2 Nxf2 12.Kxf2 Nc6 13.Be3 Bb7 14.h4 h5 15.Rag1 Kh8
16.g4 Bh6 17.gxh5 gxh5 18.f5 Bxe3+ 19.Kxe3 Ne7 20.f6 Nf5+ 21.Kf4 Bxf3 22.Kxf3 Rg8
23.Rxg8+ Rxg8 24.Bd3 Nd4+ 25.Kf2 Nc6 26.Re1 Rg4 27.Bb5 Nd4 28.Bd3 Nc6 29.Bb5 Nd4  1/2-1/2